History Of Great Britain (Record no. 5073)
[ view plain ]
| 000 -LEADER | |
|---|---|
| fixed length control field | 00424cam a2200169ua 4500 |
| 008 - FIXED-LENGTH DATA ELEMENTS--GENERAL INFORMATION | |
| fixed length control field | 131026n ii |||gr||||Z||||||eng |
| 040 ## - CATALOGING SOURCE | |
| Transcribing agency | MAIN |
| 082 ## - DEWEY DECIMAL CLASSIFICATION NUMBER | |
| Classification number | 941 |
| 100 ## - MAIN ENTRY--PERSONAL NAME | |
| Personal name | Roy, |
| Relator term | |
| 245 ## - TITLE STATEMENT | |
| Title | History Of Great Britain |
| Remainder of title | (1688-1919) |
| 260 ## - PUBLICATION, DISTRIBUTION, ETC. | |
| Place of publication, distribution, etc. | Calcutta: |
| Name of publisher, distributor, etc. | Modern Publishing Co. |
| 700 ## - ADDED ENTRY--PERSONAL NAME | |
| Personal name | Chakravarti., |
| Relator term | |
| 942 ## - ADDED ENTRY ELEMENTS (KOHA) | |
| Koha item type | Books |
| 653 ## - INDEX TERM--UNCONTROLLED | |
| Uncontrolled term | British Isles |
| 653 ## - INDEX TERM--UNCONTROLLED | |
| Uncontrolled term | History Of Great Britain |
| Withdrawn status | Lost status | Damaged status | Not for loan | Home library | Current library | Shelving location | Date acquired | Total Checkouts | Full call number | Barcode | Date last seen | Copy number | Price effective from | Koha item type |
|---|---|---|---|---|---|---|---|---|---|---|---|---|---|---|
| Central Library, Naharkatiya College | Central Library, Naharkatiya College | General Stacks | 19/09/2020 | 941 | HAN | 3531 | 19/09/2020 | 1 | 19/09/2020 | Books |
